000 01309nam a2200289 a 4500
001 000026634
005 20210420113209.0
008 110324s1992 dr 000 0 spa d
040 _aDO-SdBNP
_bspa
_cBNPHU
082 _a305.23
_bM744e
245 0 0 _aMonitoreo de los efectos de las políticas económicas y sociales en el bienestar infantil 1988-1991 /
_cinvetigaciones Eduardo Ogando, Héctor Romero, Gregorio Soriano.
260 _aSanto Domingo :
_bCENISMI
_bONAPLAN,
_bUNICEF,
_c1992.
300 _a202 p. ;
_c28 cm.
590 _aInventariado,2018/DG
650 4 _aNiños
_xAspectos sociales
_zRepública Dominicana
_y1988-1991
_953742
650 4 _aBienestar infantil
_y1988-1991
_953743
650 4 _aNiños
_xCuidado e higiene
_y1988-1991
_953744
650 4 _aSalud infantil
_zRepública Dominicana
_y1988-1991
_953745
650 4 _aPlanificación de la salud
_zRepública Dominicana
_y1988-1991
_953746
700 1 2 _aOgando, Eduardo
_953747
700 1 2 _aRomero, Héctor
_953748
700 1 2 _aSoriano, Gregorio
_953749
710 2 _aCentro Nacional de Investigaciones en Salud (República Dominicana)
_953750
710 2 _aOficina Nacional de Planificación (República Dominicana)
_910843
710 _aFondo de las Naciones Unidas para la Infancia
_99270
910 _aValidado. Control de calidad MFF
999 _c26126
_d26126